| 000 | 00962nam a22003017c 4500 | ||
|---|---|---|---|
| 003 | EG-GICUC | ||
| 005 | 20260203090941.0 | ||
| 008 | 260203s1949 -uk ||fr|||| 001 0 eng d | ||
| 040 |
_aEG-GiCUC _beng _cEG-GiCUC _dEG-GiCUC _erda |
||
| 041 | 0 | _aeng | |
| 082 | 0 | 4 |
_221 _a341.84 _bDI |
| 092 | 0 | 4 | _221 |
| 099 | _aLaw 12 341.84 DI 6 ed - 1949 | ||
| 245 | 1 | 4 |
_aDicey's Conflict Of Laws / _cUnder The General Editorship Of J. H. C. Morris, With Specialist Editors. |
| 250 | _aSixth Edition. | ||
| 264 | 1 |
_aLondon : _bStevens & Sons, _c1949. |
|
| 300 |
_a912 pages, _c24 cm. |
||
| 336 |
_2rda content _atext |
||
| 337 |
_2rda media _aComputer |
||
| 338 |
_2rda carrier _aOnline Resource |
||
| 504 | _aIncludes bibliographical references and index. | ||
| 546 | _aText in English | ||
| 650 | 1 | 4 |
_aPrivate international law _2 |
| 651 | 1 | _2 | |
| 856 | 4 | 0 | _uhttps://fll.law.cu.edu.eg/fulltext/bks/B12-01853.pdf |
| 905 | _a48 | ||
| 942 |
_2ddc _cBK _e21 _n0 |
||
| 999 |
_c60422 _d60422 |
||